<?xml version="1.0" encoding="UTF-8"?>
<marc:record xmlns:marc="http://www.loc.gov/MARC21/slim">
   <marc:leader>00000nam a2200000 a 4500</marc:leader>
   <marc:datafield ind1="1" ind2=" " tag="100">
      <marc:subfield code="a">Weber, Markus Maria</marc:subfield>
      <marc:subfield code="4">aut</marc:subfield>
      <marc:subfield code="e">Verfasser/-in</marc:subfield>
   </marc:datafield>
   <marc:datafield ind1=" " ind2=" " tag="653">
      <marc:subfield code="a">Reiseerzählung</marc:subfield>
   </marc:datafield>
   <marc:datafield ind1=" " ind2=" " tag="653">
      <marc:subfield code="a">Fahrradreise</marc:subfield>
   </marc:datafield>
   <marc:datafield ind1=" " ind2=" " tag="653">
      <marc:subfield code="a">Reisebeschreibung</marc:subfield>
   </marc:datafield>
   <marc:datafield ind1="0" ind2="0" tag="245">
      <marc:subfield code="a">Ein Coffee to go in Togo</marc:subfield>
   </marc:datafield>
   <marc:datafield ind1="0" ind2="0" tag="245">
      <marc:subfield code="b">Ein Fahrrad, 26 Länder und jede Menge Kaffee</marc:subfield>
   </marc:datafield>
   <marc:datafield ind1=" " ind2="1" tag="264">
      <marc:subfield code="b">Bruckmann Verlag GmbH</marc:subfield>
      <marc:subfield code="c">2024</marc:subfield>
   </marc:datafield>
   <marc:datafield ind1="1" ind2=" " tag="520">
      <marc:subfield code="a"> Auf 14.037 Radkilometern nach Togo
Ein wahnwitziges Reiseabenteuer auf 14.037 Radkilometern.

Der Unternehmensberater Markus Weber wirft seine heile Welt über den Haufen und stürzt sich Hals über Kopf in ein Abenteuer. Er setzt sich auf sein Fahrrad und fährt los – durch 26 Länder, bis nach Togo. Er fährt per Anhalter durch die Sahara, radelt durch den guineischen Regenwald und schmuggelt sich in Liberia über geschlossene Grenzübergänge. Alles, um zwei Fragen zu beantworten: Wer bin ich? Und: Gibt es eigentlich Coffee to go in Togo?

    Ein echtes Reiseabenteuer: authentisch, emotional und urkomisch zugleich
    Für alle, die sich auch manchmal wünschen, dem Alltag zu entfliehen
    Ideal auch als Geschenk für Radfahrer und Reiseliebhaber

</marc:subfield>
   </marc:datafield>
   <marc:datafield ind1=" " ind2=" " tag="020">
      <marc:subfield code="a">9783958894822</marc:subfield>
      <marc:subfield code="9">9783958894822</marc:subfield>
   </marc:datafield>
</marc:record>
